Mots de la langue française terminés par "vier" - Statistiques

Statistiques générales
  • Ce quiz a été pris 178 fois
    162 depuis la dernière actualisation
  • Le résultat moyen est 8 sur 17
Statistiques - réponses
Indice Mot % Correct
mois janvier
93%
rapace épervier
79%
cailloux gravier
70%
manette levier
69%
arbre - prénom olivier
64%
chien bouvier
61%
petit plat à hors-d'oeuvre ravier
57%
prénom Xavier
57%
bassin évier
51%
pépinière vivier
47%
arbre paletuvier
31%
producteur de sucre betteravier
29%
périphérique clavier
22%
loup .... cervier
18%
oiseau échassier pluvier
9%
arbre tropical d'Amérique goyavier
7%
instrument de chirurgie dentaire davier
6%
Aucun quiz correspondant
Distribution des résultats
% des personnes avec chaque résultat
Percentile par nombre de réponses
Votre historique - résultats
Vous n’avez pas pris ce quiz depuis la dernière actualisation